Cambridge handbook of comparative syntax (Record no. 1463983)

MARC details
000 -LEADER
fixed length control field 00742 a2200241 4500
003 - CONTROL NUMBER IDENTIFIER
control field OSt
005 - DATE AND TIME OF LATEST TRANSACTION
control field 20260106202039.0
008 - FIXED-LENGTH DATA ELEMENTS--GENERAL INFORMATION
fixed length control field 251121b |||||||| |||| 00| 0 eng d
020 ## - INTERNATIONAL STANDARD BOOK NUMBER
International Standard Book Number 9781009179386 (hbk)
037 ## - SOURCE OF ACQUISITION
Terms of availability REF
040 ## - CATALOGING SOURCE
Transcribing agency CRL
Original cataloging agency CRL
041 ## - LANGUAGE CODE
Source of code eng
Language code of text/sound track or separate title eng
084 ## - COLON CLASSIFICATION NUMBER
Classification number P:3g R5 (RR)
Assigning agency CRL
245 ## - TITLE STATEMENT
Title Cambridge handbook of comparative syntax
260 ## - PUBLICATION, DISTRIBUTION, ETC.
Name of publisher, distributor, etc. Cambridge
Date of publication, distribution, etc. 2025
Place of publication, distribution, etc. New York
300 ## - PHYSICAL DESCRIPTION
Extent 1103p.
365 ## - TRADE PRICE
Price amount 180.00
Currency code UKP
700 ## - ADDED ENTRY--PERSONAL NAME
Personal name Barbies, Sjef
Relator term Editor
9 (RLIN) 856582
700 ## - ADDED ENTRY--PERSONAL NAME
Personal name Corver, Norbert
Relator term Author
9 (RLIN) 856583
700 ## - ADDED ENTRY--PERSONAL NAME
Personal name Plinsky, Maria
Relator term Editor
9 (RLIN) 856584
942 ## - ADDED ENTRY ELEMENTS (KOHA)
Koha item type Reference
Source of classification or shelving scheme Colon Classification (CC)
Suppress in OPAC No
Holdings
Withdrawn status Lost status Source of classification or shelving scheme Damaged status Not for loan Home library Current library Date acquired Source of acquisition Inventory number Total Checkouts Full call number Barcode Date last seen Price effective from Koha item type
    Colon Classification (CC)     Central Library Central Library 2025-12-15 Classic Book Service 095 & 2025-11-18   P:3g R5 (RR) CL1924579 2025-11-21 2025-11-21 Reference
Copyright @ Delhi University Library System